|
|
|
|
| LEADER |
01458nab#a2200481#ar4500 |
| 001 |
000108041 |
| 003 |
SVKKK |
| 005 |
20120502111322.0 |
| 008 |
120502c2012 xo |||||||||||||||b|eng |
| FMT |
|
|
|
| 015 |
|
|
|a SNBRB2012/05
|
| 038 |
|
|
|a SVKKK
|
| 040 |
|
|
|a SVKKK
|b slo
|e AACR2
|
| 041 |
0 |
|
|a eng
|b eng
|
| 044 |
|
|
|a xo
|c SK
|
| 080 |
|
|
|a 669.715
|2 1997
|
| 080 |
|
|
|a 621.785.3
|2 1997
|
| 080 |
|
|
|a 620.18
|2 1997
|
| 242 |
1 |
0 |
|a Vplyv ECAP a následné post-ECAP žíhanie na mikroštruktúru a mechanické vlastnosti zliatiny AlSi7Mg0.3
|
| 245 |
1 |
4 |
|a The effect of ECAP and subsequent post-ECAP annealing on the microstructure and mechanical properties of AlSi7Mg0.3 alloy
|c M. Matvija ... [et al.]
|
| 300 |
|
|
|b Obr., tab.
|
| 504 |
|
|
|a Bibliogr. odkazy
|
| 504 |
|
|
|a Res. angl.
|
| 650 |
0 |
4 |
|a zliatiny hliníka
|
| 650 |
0 |
4 |
|a uhlové pretláčanie s rovnakým prierezom (ECAP)
|
| 650 |
0 |
4 |
|a žíhanie
|
| 650 |
0 |
4 |
|a mikroštruktúra
|
| 700 |
1 |
|
|a Matvija, M.
|4 aut
|
| 700 |
1 |
|
|a Fujda, M.
|4 aut
|
| 700 |
1 |
|
|a Milkovič, O.
|4 aut
|
| 700 |
1 |
|
|a Kvačkaj, T.
|4 aut
|
| 700 |
1 |
|
|a Vojtko, M.
|4 aut
|
| 700 |
1 |
|
|a Zubko, P.
|4 aut
|
| 700 |
1 |
|
|a Kočiško, R.
|4 aut
|
| 773 |
0 |
|
|t Acta metallurgica slovaca
|x 1338-1156
|g Roč. 18, č. 1 (2012), s. 4-12
|
| 958 |
|
|
|a NB
|
| 974 |
|
|
|a Ma
|
| 992 |
|
|
|a RBX
|
| BAS |
|
|
|
| 852 |
|
|
|a SVKKK
|b BIB
|
| 856 |
4 |
1 |
|u http://www.ams.tuke.sk/data/ams_online/2012/number1/mag01/mag01.pdf
|
| EXP |
|
|
|
| 998 |
|
|
|a HUT
|